| 000 | 00692nam a2200205 a 4500 | ||
|---|---|---|---|
| 001 | 000046274 | ||
| 005 | 20201002052744.0 | ||
| 008 | 150714s1986 pr ac 000 0 spa d | ||
| 020 | _a0940238306 | ||
| 040 |
_aDO-SdBNP _bspa _cBNPHU |
||
| 082 |
_axxxx _bxxxx |
||
| 100 | 1 |
_aBurgos, Julia de, _d1914-1953. _914090 |
|
| 245 | 1 | 0 |
_aJulia de Burgos : _bYo misma fui mi ruta / _cJulia de Burgos ; edición de María M. Solá. |
| 260 |
_aRío Piedras, Puerto Rico : _bEdiciones Huracán, _c1986. |
||
| 300 |
_a160 p. : _bil., retrs. ; _c20 cm. |
||
| 490 | 1 | _aClásicos huracán | |
| 504 | _aBibliografía : p. 49-51 | ||
| 700 | 1 | 2 |
_aSolá, M. María _eed. _974293 |
| 830 | 0 |
_aClásicos huracán _974294 |
|
| 999 |
_c45763 _d45763 |
||